Kỹ thuật hóa học đại cương
Trình bày kiến thức về kỹ thuật hoá học đại cương; nguyên liệu, nước và năng lượng trong công nghiệp hoá học; các quy luật cơ bản; kỹ thuật sản xuất H2SO4, NH3, HNO3, muối khoáng và phân hoá học; kỹ thuật sản xuất điện hoá và silicat...
Zapisane w:
| 1. autor: | |
|---|---|
| Kolejni autorzy: | |
| Format: | Książka |
| Język: | Undetermined |
| Wydane: |
H.
Bách khoa Hà Nội
2016
|
| Hasła przedmiotowe: | |
| Dostęp online: | http://lrc.tdmu.edu.vn/opac/search/detail.asp?aID=2&ID=29057 |
| Etykiety: |
Dodaj etykietę
Nie ma etykietki, Dołącz pierwszą etykiete!
|
| Thư viện lưu trữ: | Trung tâm Học liệu Trường Đại học Thủ Dầu Một |
|---|
| LEADER | 01115nam a2200217Ia 4500 | ||
|---|---|---|---|
| 001 | TDMU_29057 | ||
| 008 | 210410s9999 xx 000 0 und d | ||
| 082 | |a 343.597 03402632 | ||
| 090 | |b NG527 | ||
| 100 | |a Nguyễn, Thị Diệu Vân | ||
| 245 | 0 | |a Kỹ thuật hóa học đại cương | |
| 245 | 0 | |c Nguyễn Thị Diệu Vân (ch.b.), Cao Mai Duyên, Phùng Lan Hương | |
| 260 | |a H. | ||
| 260 | |b Bách khoa Hà Nội | ||
| 260 | |c 2016 | ||
| 300 | |a 255tr. | ||
| 520 | |a Trình bày kiến thức về kỹ thuật hoá học đại cương; nguyên liệu, nước và năng lượng trong công nghiệp hoá học; các quy luật cơ bản; kỹ thuật sản xuất H2SO4, NH3, HNO3, muối khoáng và phân hoá học; kỹ thuật sản xuất điện hoá và silicat | ||
| 650 | |a Công nghệ hóa học |x Sản xuất |x Hóa chất | ||
| 700 | |a Cao, Mai Duyên | ||
| 856 | |u http://lrc.tdmu.edu.vn/opac/search/detail.asp?aID=2&ID=29057 | ||
| 980 | |a Trung tâm Học liệu Trường Đại học Thủ Dầu Một | ||